Revolution 2020 (Record no. 203467)
[ view plain ]
| 000 -LEADER | |
|---|---|
| fixed length control field | 00472nam a22001697a 4500 |
| 003 - CONTROL NUMBER IDENTIFIER | |
| control field | OSt |
| 005 - DATE AND TIME OF LATEST TRANSACTION | |
| control field | 20260407105811.0 |
| 008 - FIXED-LENGTH DATA ELEMENTS--GENERAL INFORMATION | |
| fixed length control field | 260406b |||||||| |||| 00| 0 eng d |
| 020 ## - INTERNATIONAL STANDARD BOOK NUMBER | |
| International Standard Book Number | 9788129135537 |
| 040 ## - CATALOGING SOURCE | |
| Transcribing agency | Donated |
| 082 ## - DEWEY DECIMAL CLASSIFICATION NUMBER | |
| Edition number | 1st |
| Classification number | 658/Bha |
| Item number | SBPIMD294 |
| 100 ## - MAIN ENTRY--PERSONAL NAME | |
| Personal name | Bhagat,Chetan |
| 9 (RLIN) | 2385 |
| 245 ## - TITLE STATEMENT | |
| Title | Revolution 2020 |
| Remainder of title | Love.Corruption.Ambition |
| Medium | English |
| 260 ## - PUBLICATION, DISTRIBUTION, ETC. | |
| Place of publication, distribution, etc. | New Delhi |
| Name of publisher, distributor, etc. | Rupa Publications India |
| Date of publication, distribution, etc. | 2011 |
| 300 ## - PHYSICAL DESCRIPTION | |
| Extent | 296 |
| 942 ## - ADDED ENTRY ELEMENTS (KOHA) | |
| Source of classification or shelving scheme | Dewey Decimal Classification |
| Koha item type | Donated Book |
| Edition | 1st |
| Call number prefix | 658 |
| Call number suffix | Bha |
| Suppress in OPAC | No |
| Date last seen | Total Checkouts | Full call number | Barcode | Cost, replacement price | Price effective from | Koha item type | Department | Lost status | Source of classification or shelving scheme | Damaged status | Not for loan | Withdrawn status | Home library | Current library | Shelving location | Date acquired | Cost, normal purchase price | Net Amount | Language |
|---|---|---|---|---|---|---|---|---|---|---|---|---|---|---|---|---|---|---|---|
| 06/04/2026 | 658/Bha | SBPIMD294 | 176.00 | 06/04/2026 | Donated Book | Management | Dewey Decimal Classification | SBPIM | SBPIM | General Stacks | 06/04/2026 | 176.00 | 176 | ENGLISH |